La Dordogne en images - Statistiques

Statistiques générales
  • Ce quiz a été pris 207 fois
  • Le résultat moyen est 11 sur 18
Statistiques - réponses
Par images Hint Réponse % Correct
Site touristique Grotte de Lascaux
97%
Spécialité Foie Gras
91%
Spécialité Truffe
91%
Chanteur Pascal Obispo
90%
Ville Périgueux
85%
Région historique Périgord
82%
Ville Sarlat-la-Canéda
79%
Ville Bergerac
71%
Chanteuse et résistante Josephine Baker
68%
Site touristique Château de {Castelnaud}
43%
Rivière Vézère
43%
Club sportif / Ville Boulazac Basket Dordogne
41%
Village La Roque-Gageac
38%
Mode de vie préhistorique Troglodyte
33%
Site touristique Jardins de {Marqueyssac}
32%
Sportif Laurent Jalabert
28%
Gouffre Gouffre de {Proumeyssac}
27%
Film Le Dernier Duel
13%
Aucun quiz correspondant
Distribution des résultats
% des personnes avec chaque résultat
Percentile par nombre de réponses
Votre historique - résultats
Vous n’avez pas pris ce quiz